000
00276nam a22001217a 4500
008
170706b xxu||||| |||| 00| 0 eng d
041
_a
eng
080
_a
821.18
100
_a
22
101
_a
GJL
245
_a
LETTERS OF THE GREAT ARTISTS
_c
FRIEDENTHAL, R
942
_2
udc
_c
BK
999
_c
20007
_d
20007